Analysis of the Demographic Events in Businesses in Slovakia for 2008 to 2020

Rozbor podnikateľskej sféry na Slovensku s dôrazom na zmeny, spôsobené "demografickými" udalosťami, vznikom a zánikom podnikov od roku 2008 do roku 2020, najmä pokiaľ ide o zamestnanosť v novovzniknutých a zaniknutých podnikoch.

Guardado en:
Detalles Bibliográficos
Autor principal: Vojtková, Mária, 1966-
Formato: Capítulo de libro
Lenguaje:inglés
Materias:
Etiquetas: Agregar Etiqueta
Sin Etiquetas, Sea el primero en etiquetar este registro!

MARC

LEADER 00000naa a2200000 4500
001 0297445
005 20240506140928.1
041 0 |a eng 
044 |a HR 
245 1 0 |a Analysis of the Demographic Events in Businesses in Slovakia for 2008 to 2020  |c Mária Vojtková 
520 |a Rozbor podnikateľskej sféry na Slovensku s dôrazom na zmeny, spôsobené "demografickými" udalosťami, vznikom a zánikom podnikov od roku 2008 do roku 2020, najmä pokiaľ ide o zamestnanosť v novovzniknutých a zaniknutých podnikoch. 
610 2 0 |a pôrodnosť 
610 2 0 |a demografia 
610 2 0 |a demografia sociálna 
610 2 0 |a obchod 
610 2 0 |a úmrtnosť 
610 2 0 |a zamestnanosť 
610 2 0 |a analýza regresná 
610 2 0 |a modely 
100 1 |a Vojtková, Mária, 1966-